[Event "13th Dubai open 2011"]
[Site "Dubai Chess club"]
[Date "2011.04.13"]
[Round "4"]
[Board "1"]
[White "Kazhgaleyev, Murtas"]
[Black "Esenov, Annaberdi"]
[Result "1-0"]
[WhiteElo "2618"]
[BlackElo "2283"]
[PlyCount "159"]
[EventDate "2011.04.10"]
[EventRounds "9"]
[EventCountry "UAE"]

1.e4 c5 2.c3 d5 3.exd5 Qxd5 4.d4 Nf6 5.Nf3 Bg4 6.Be2 e6 7.h3 Bh5 8.O-O Nc6 9.Be3
cxd4 10.cxd4 Bb4 11.Nc3 Qa5 12.Qb3 O-O 13.Rfd1 Nd5 14.Rac1 Rfd8 15.Bg5 Rd7
16.Nxd5 Qxd5 17.Qxd5 Rxd5 18.g4 Bg6 19.Bc4 Rd7 20.d5 exd5 21.Rxd5 Rc7 22.Bf4 Re7
23.Bd6 Bxd6 24.Rxd6 Kf8 25.Bb5 Ne5 26.Nh4 a6 27.Ba4 Be4 28.Re1 Nd3 29.Re3 Nc5
30.Bd1 g5 31.Nf3 Bxf3 32.Rxf3 Kg7 33.Rf5 Ne4 34.Rd4 h6 35.Bb3 Rae8 36.Kg2 Nf6
37.Rd6 Ne4 38.Rd3 Rc7 39.Re3 Nd6 40.Rxe8 Nxe8 41.Rd5 Re7 42.Kf3 Nc7 43.Rd6 Nb5
44.Rd8 Nc7 45.Rb8 Ne8 46.Bd5 Nf6 47.Bb3 Nd7 48.Rc8 Ne5+ 49.Kg3 Nd3 50.Rd8 Nf4
51.Rd6 Rc7 52.h4 Re7 53.hxg5 hxg5 54.Kf3 Ng6 55.Rb6 Ne5+ 56.Kg3 Rd7 57.Bc2 Nc4
58.Rb4 Rc7 59.Bd3 Ne5 60.Bf5 b5 61.Rd4 Rc1 62.Kg2 Ra1 63.Rd5 f6 64.a3 Ra2 65.Rd2
Nc4 66.Rd7+ Kh8 67.b3 Ne3+ 68.Kf3 Nxf5 69.gxf5 Rxa3 70.Kg4 Rxb3 71.Kh5 Kg8
72.Kg6 Kf8 73.Kxf6 Ke8 74.Ra7 Rb2 75.Kg7 Rxf2 76.f6 g4 77.f7+ Rxf7+ 78.Rxf7 g3
79.Kf6 g2 80.Rg7

[Event "13th Dubai open 2011"]
[Site "Dubai Chess club"]
[Date "2011.04.13"]
[Round "4"]
[Board "1"]
[White "Abdulov, Orkhan Javanshir Oglu"]
[Black "Hammer, Jon Ludvig"]
[Result "0-1"]
[WhiteElo "2327"]
[BlackElo "2606"]
[PlyCount "110"]
[EventDate "2011.04.10"]
[EventRounds "9"]
[EventCountry "UAE"]

1.e4 c6 2.d4 d5 3.Nc3 dxe4 4.Nxe4 Bf5 5.Ng3 Bg6 6.f4 e6 7.Nf3 Nf6 8.Bd3 Bxd3
9.Qxd3 g6 10.Bd2 Bg7 11.O-O O-O 12.Rad1 Qb6 13.c4 Rd8 14.Bc3 Qa6 15.Ne5 Nbd7
16.b3 b5 17.Qe2 bxc4 18.Qxc4 Qxc4 19.bxc4 Nxe5 20.fxe5 Ng4 21.Rfe1 Bh6 22.Nf1
Bg5 23.h3 Nh6 24.g4 Re8 25.Bd2 Bxd2 26.Nxd2 Rab8 27.Ne4 Red8 28.Rb1 Kg7 29.Nd6
f5 30.Rf1 fxg4 31.hxg4 Nxg4 32.Rf7+ Kh6 33.Rfb7 Rxb7 34.Rxb7 Rf8 35.d5 cxd5
36.cxd5 exd5 37.e6 Rf3 38.e7 Nf6 39.e8=Q Nxe8 40.Nxe8 Ra3 41.Rb2 d4 42.Nc7 d3
43.Ne6 g5 44.Kf2 Kg6 45.Ke3 h5 46.Rd2 h4 47.Nc5 Kh5 48.Nxd3 h3 49.Kf2 Kh4 50.Kf3
g4+ 51.Kf2 Ra4 52.Ne5 Rf4+ 53.Kg1 Re4 54.Nc6 Re1+ 55.Kf2 h2

[Event "13th Dubai open 2011"]
[Site "Dubai Chess club"]
[Date "2011.04.13"]
[Round "4"]
[Board "1"]
[White "Gupta, Abhijeet"]
[Black "Cherednichenko, Svetlana"]
[Result "1-0"]
[WhiteElo "2580"]
[BlackElo "2278"]
[PlyCount "141"]
[EventDate "2011.04.10"]
[EventRounds "9"]
[EventCountry "UAE"]

1.d4 f5 2.Nf3 Nf6 3.g3 g6 4.Bg2 Bg7 5.O-O O-O 6.b3 d6 7.Bb2 e6 8.Nbd2 Nc6 9.c4
Qe7 10.Qc2 e5 11.d5 Nd8 12.e4 f4 13.c5 g5 14.Rfc1 Nf7 15.cxd6 cxd6 16.Qc7 Qxc7
17.Rxc7 g4 18.Nh4 f3 19.Bf1 Bh6 20.Nc4 Ne8 21.Rxc8 Rxc8 22.Nf5 Rc7 23.Ba3 Rd7
24.h3 Bg5 25.Bb4 h5 26.a4 Bd8 27.h4 Bc7 28.a5 Ng7 29.Nfe3 Rc8 30.Bd3 Ne8 31.Nb2
Ng7 32.Bd2 Bb8 33.Nec4 Ne8 34.Bb4 Nc7 35.Na3 Rdd8 36.Bd2 Ne8 37.Kf1 Nf6 38.Nbc4
Nd7 39.b4 Kg7 40.Ke1 Nf6 41.Be3 Rd7 42.Kd2 Rdc7 43.Kc3 Rd7 44.Kb3 Rdd8 45.Nb5 a6
46.Nc3 Nd7 47.Na4 Bc7 48.Rc1 Kg6 49.Rc2 Kg7 50.Ra2 Kg6 51.Nab6 Bxb6 52.axb6 Nf6
53.Na5 Rd7 54.Nc6 Kg7 55.Na7 Rb8 56.Rc2 Ne8 57.Ka4 Nf6 58.Ka5 Rbd8 59.Rc4 Kg6
60.Bc2 Kg7 61.Ba4 Re7 62.Nc8 Rxc8 63.Rxc8 Nxe4 64.Bc6 Nf6 65.Rc7 Kf8 66.Bxb7 Nd8
67.Bc6 Kf7 68.Kxa6 Nxc6 69.dxc6 Nd5 70.Rxe7+ Kxe7 71.Bg5+

[Event "13th Dubai open 2011"]
[Site "Dubai Chess club"]
[Date "2011.04.13"]
[Round "4"]
[Board "1"]
[White "Nemcova, Katerina"]
[Black "Arutinian, David"]
[Result "1/2-1/2"]
[WhiteElo "2289"]
[BlackElo "2575"]
[PlyCount "66"]
[EventDate "2011.04.10"]
[EventRounds "9"]
[EventCountry "UAE"]

1.e4 c6 2.d4 d5 3.Nd2 dxe4 4.Nxe4 Bf5 5.Ng3 Bg6 6.h4 h6 7.Nf3 e6 8.Ne5 Bh7 9.Bd3
Bxd3 10.Qxd3 Nd7 11.f4 c5 12.Be3 Nxe5 13.fxe5 cxd4 14.Qb5+ Qd7 15.Qxd7+ Kxd7
16.O-O-O Ne7 17.Bxd4 Ke8 18.Ne4 Nc6 19.Bc3 b5 20.a3 b4 21.axb4 Bxb4 22.Bxb4 Nxb4
23.Rd6 Rc8 24.c3 Ke7 25.Kd2 Nc6 26.Ra1 a5 27.Rxc6 Rxc6 28.Rxa5 Rd8+ 29.Ke3 Rd5
30.Ra7+ Kf8 31.Ra8+ Ke7 32.Ra7+ Kf8 33.Ra8+ Ke7

[Event "13th Dubai open 2011"]
[Site "Dubai Chess club"]
[Date "2011.04.13"]
[Round "4"]
[Board "1"]
[White "Hrabinska, Myroslava"]
[Black "Simantsev, Mikhail"]
[Result "0-1"]
[WhiteElo "2278"]
[BlackElo "2556"]
[PlyCount "76"]
[EventDate "2011.04.10"]
[EventRounds "9"]
[EventCountry "UAE"]

1.e4 e5 2.Nf3 Nc6 3.d4 exd4 4.Nxd4 Bc5 5.Nxc6 Qf6 6.Qd2 dxc6 7.Nc3 Be6 8.Bd3
O-O-O 9.Qf4 Qe7 10.Qg3 Nf6 11.O-O h5 12.Bg5 h4 13.Bxh4 Rh5 14.e5 Rdh8 15.exf6
gxf6 16.Bxf6 Qxf6 17.Ne4 Qh6 18.h3 Bxh3 19.gxh3 Rxh3 20.Qg4+ Kb8 21.Kg2 f5
22.Qxf5 Rg8+ 23.Ng3 Rh2+ 24.Kf3 Rf8 25.Rae1 Rxf5+ 26.Bxf5 a6 27.Re6 Qd2 28.Ne4
Qxc2 29.Nd6 Rxf2+ 30.Kg4 Rg2+ 31.Kf3 Rf2+ 32.Kg4 Rg2+ 33.Kf3 Qf2+ 34.Rxf2 Rxf2+
35.Kg4 cxd6 36.Re8+ Ka7 37.Re7 d5 38.Rh7 Rxb2

[Event "13th Dubai open 2011"]
[Site "Dubai Chess club"]
[Date "2011.04.13"]
[Round "4"]
[Board "1"]
[White "Hilwani, Talal"]
[Black "Carlsson, Pontus"]
[Result "0-1"]
[WhiteElo "2272"]
[BlackElo "2496"]
[PlyCount "90"]
[EventDate "2011.04.10"]
[EventRounds "9"]
[EventCountry "UAE"]

1.c4 e5 2.g3 Nf6 3.Bg2 h6 4.Nc3 Bb4 5.Nd5 Nxd5 6.cxd5 O-O 7.Nf3 d6 8.O-O c6 9.a3
Ba5 10.b4 Bb6 11.Bb2 Bg4 12.dxc6 Nxc6 13.d3 Qd7 14.Rc1 Rac8 15.Bc3 Rfe8 16.Qb3
a6 17.a4 Ne7 18.b5 Be6 19.Qb2 Nd5 20.Bd2 axb5 21.axb5 f5 22.e3 Rf8 23.Rxc8 Rxc8
24.Rc1 Rxc1+ 25.Bxc1 Nc7 26.Nd2 Nxb5 27.Bf1 Qc6 28.d4 Nc7 29.dxe5 dxe5 30.Qa1 f4
31.Bg2 Bd5 32.Bxd5+ Nxd5 33.exf4 exf4 34.Bb2 Ne3 35.fxe3 fxe3 36.Qa2+ Kh8 37.Kf1
Qh1+ 38.Ke2 Qxh2+ 39.Kf3 Qh5+ 40.Ke4 Qg6+ 41.Kf3 Qf5+ 42.Kg2 exd2 43.Qa8+ Kh7
44.Qxb7 Qf2+ 45.Kh3 Qf1+

[Event "13th Dubai open 2011"]
[Site "Dubai Chess club"]
[Date "2011.04.13"]
[Round "4"]
[Board "1"]
[White "Das, Sayantan"]
[Black "Al-Sayed,  Mohammed"]
[Result "1/2-1/2"]
[WhiteElo "2268"]
[BlackElo "2485"]
[PlyCount "103"]
[EventDate "2011.04.10"]
[EventRounds "9"]
[EventCountry "UAE"]

1.e4 c5 2.Nf3 d6 3.d4 cxd4 4.Nxd4 Nf6 5.Nc3 a6 6.h3 e6 7.g4 Be7 8.Bg2 Nfd7 9.Be3
Nc6 10.Qe2 Nxd4 11.Bxd4 O-O 12.O-O-O b5 13.e5 d5 14.Qe3 b4 15.Ne2 a5 16.Kb1 Ba6
17.Nc1 Rc8 18.f4 a4 19.g5 Bc5 20.h4 Qc7 21.Rd2 Bxd4 22.Qxd4 Nc5 23.Rh3 Qa5
24.Rd1 Rfd8 25.g6 fxg6 26.h5 gxh5 27.Rxh5 b3 28.cxb3 axb3 29.a3 Qa4 30.f5 Qxd4
31.Rxd4 Bc4 32.f6 Ne4 33.fxg7 Kxg7 34.Rh3 Nc5 35.Rdh4 h6 36.Rg3+ Kh7 37.Rgh3 Rh8
38.Bf3 Rcg8 39.Rxh6+ Kg7 40.Rxh8 Rxh8 41.Rxh8 Kxh8 42.Ne2 Kg7 43.Nd4 Kf7 44.Bg4
Ke7 45.a4 Nxa4 46.Bxe6 Nc5 47.Bg4 Nd3 48.Nc6+ Ke8 49.e6 Nf4 50.Kc1 Be2 51.Bxe2
Nxe2+ 52.Kd2

[Event "13th Dubai open 2011"]
[Site "Dubai Chess club"]
[Date "2011.04.13"]
[Round "4"]
[Board "1"]
[White "Abbasifar, Hasan"]
[Black "Schneider, Veronika"]
[Result "0-1"]
[WhiteElo "2467"]
[BlackElo "2247"]
[PlyCount "70"]
[EventDate "2011.04.10"]
[EventRounds "9"]
[EventCountry "UAE"]

1.e4 c5 2.Nf3 e6 3.d4 cxd4 4.Nxd4 a6 5.Bd3 Bc5 6.Nb3 Be7 7.Be3 Nf6 8.Qe2 d6 9.f4
Nbd7 10.N1d2 Qc7 11.O-O b6 12.Rac1 Bb7 13.c4 Bc8 14.Rb1 Bb7 15.Rbc1 h5 16.Qf2 h4
17.h3 Nh5 18.Rfe1 Bf6 19.Nf3 Rc8 20.Bb1 Qb8 21.e5 dxe5 22.f5 e4 23.fxe6 fxe6
24.Ng5 Ng3 25.Nxe6 Qe5 26.Nbd4 g5 27.b4 Be7 28.a3 Rh6 29.c5 bxc5 30.Nxc5 Rf6
31.Qa2 Bd5 32.Nxd7 Kxd7 33.Qd2 Rxc1 34.Rxc1 Bd6 35.Bf2 Nh5

[Event "13th Dubai open 2011"]
[Site "Dubai Chess club"]
[Date "2011.04.13"]
[Round "4"]
[Board "1"]
[White "Kayumov, Dmitry D"]
[Black "Ghader Pour,  Shayesteh"]
[Result "1-0"]
[WhiteElo "2463"]
[BlackElo "2241"]
[PlyCount "63"]
[EventDate "2011.04.10"]
[EventRounds "9"]
[EventCountry "UAE"]

1.e4 c5 2.Nf3 e6 3.Nc3 a6 4.d4 cxd4 5.Nxd4 Qc7 6.Bd3 Nf6 7.O-O d6 8.f4 Nbd7
9.Kh1 b5 10.Bd2 Bb7 11.b4 Be7 12.Qe2 O-O 13.a4 bxa4 14.Rxa4 Nb6 15.Raa1 d5 16.e5
Ne4 17.Nxe4 dxe4 18.Bxe4 Bxe4 19.Qxe4 Rfd8 20.c3 g6 21.Rfc1 Rd5 22.Be3 Nc4
23.Bf2 a5 24.b5 Bf8 25.Nc6 Nd2 26.Qa4 Rd3 27.Rd1 Qd7 28.Bd4 Qd5 29.b6 Qe4 30.b7
Rh3 31.Bg1 Nc4 32.bxa8=Q

[Event "13th Dubai open 2011"]
[Site "Dubai Chess club"]
[Date "2011.04.13"]
[Round "4"]
[Board "1"]
[White "Guidez, Yann-Michael"]
[Black "Roy, Chowdhury Saptarshi"]
[Result "1/2-1/2"]
[WhiteElo "2247"]
[BlackElo "2459"]
[PlyCount "92"]
[EventDate "2011.04.10"]
[EventRounds "9"]
[EventCountry "UAE"]

1.c4 e5 2.Nc3 Nc6 3.g3 Nf6 4.d3 Bb4 5.Bd2 O-O 6.Bg2 d6 7.Nd5 Nxd5 8.cxd5 Bxd2+
9.Qxd2 Ne7 10.Rc1 c5 11.dxc6 bxc6 12.Nf3 Be6 13.d4 f6 14.dxe5 dxe5 15.b3 a5
16.O-O a4 17.Qe3 axb3 18.axb3 Rb8 19.Nd2 Qb6 20.Qxb6 Rxb6 21.Nc4 Rb5 22.Rfd1 Bd5
23.Ne3 Rfb8 24.Nxd5 cxd5 25.e4 d4 26.Bf1 R5b7 27.Rc5 Kf8 28.Bc4 Rc8 29.Ra5 Nc6
30.Ra4 Rb6 31.f4 Rd8 32.Kf2 Ke7 33.Rc1 Kd6 34.Kf3 Nb4 35.Ra7 Rd7 36.Rxd7+ Kxd7
37.Ra1 Rb8 38.Ra7+ Kc6 39.Ke2 Re8 40.f5 Rd8 41.Kd2 d3 42.Ra4 Kc5 43.g4 g6
44.Ra5+ Kd4 45.Ra4 Kc5 46.Ra5+ Kd4

[Event "13th Dubai open 2011"]
[Site "Dubai Chess club"]
[Date "2011.04.13"]
[Round "4"]
[Board "1"]
[White "Tania, Sachdev"]
[Black "Surendran, N"]
[Result "0-1"]
[WhiteElo "2407"]
[BlackElo "2146"]
[PlyCount "76"]
[EventDate "2011.04.10"]
[EventRounds "9"]
[EventCountry "UAE"]

1.d4 Nf6 2.c4 e6 3.Nf3 Bb4+ 4.Bd2 Qe7 5.g3 Nc6 6.Nc3 O-O 7.Bg2 d6 8.O-O Nb8
9.Ne1 d5 10.Nd3 Bxc3 11.Bxc3 Rd8 12.b3 Nbd7 13.Qc2 a5 14.Bb2 c6 15.c5 h5 16.f3
Nf8 17.e4 dxe4 18.fxe4 Ng6 19.Rae1 e5 20.d5 h4 21.d6 Qe8 22.Rf5 hxg3 23.hxg3 b6
24.Nxe5 Bxf5 25.exf5 Nxe5 26.Rxe5 Qf8 27.Re7 bxc5 28.Qxc5 Nd5 29.Bxd5 cxd5
30.Ba3 a4 31.bxa4 d4 32.Re4 Rxa4 33.Rxd4 Rxd4 34.Qxd4 Qe8 35.Kf2 Qb5 36.Qc5 Qb1
37.Qd5 Qc2+ 38.Ke3 Qc3+

[Event "13th Dubai open 2011"]
[Site "Dubai Chess club"]
[Date "2011.04.13"]
[Round "4"]
[Board "1"]
[White "Greeff, Melissa"]
[Black "Semiev, Suhrab"]
[Result "1-0"]
[WhiteElo "2080"]
[BlackElo "2406"]
[PlyCount "175"]
[EventDate "2011.04.10"]
[EventRounds "9"]
[EventCountry "UAE"]

1.e4 d6 2.d4 Nf6 3.Nc3 c6 4.Be3 b5 5.f3 Nbd7 6.Qd2 Qa5 7.Nge2 b4 8.Nd1 Ba6 9.a3
Rb8 10.Nc1 Bxf1 11.Rxf1 Qa6 12.Nb3 bxa3 13.Rxa3 Qb6 14.Nc3 e6 15.Qe2 Be7 16.Kf2
O-O 17.Rfa1 Ra8 18.Ra6 Qc7 19.d5 cxd5 20.Rxa7 Rxa7 21.Rxa7 Qc4 22.exd5 exd5
23.Qxc4 dxc4 24.Nd2 Rc8 25.g4 h6 26.h4 Nxg4+ 27.fxg4 Bxh4+ 28.Kg2 Ne5 29.Kh3 Be1
30.Nde4 Rb8 31.Bc1 Bxc3 32.Nxc3 Nc6 33.Rc7 Nb4 34.Rxc4 Nxc2 35.Nd5 Rb3+ 36.Rc3
Nd4 37.Rxb3 Nxb3 38.Bf4 Na5 39.b4 Nb7 40.Kg3 Kf8 41.Kf3 Ke8 42.Ke4 Kd7 43.Ne3
Kc6 44.Nf5 g6 45.Nd4+ Kd7 46.Kd5 f5 47.gxf5 gxf5 48.Nxf5 h5 49.Nxd6 Nd8 50.Nc4
h4 51.Nb6+ Ke8 52.b5 h3 53.Bh2 Ke7 54.Bd6+ Ke8 55.Bh2 Ke7 56.Nc4 Kd7 57.Ne5+ Kc7
58.Nc6+ Kb6 59.Nxd8 Kxb5 60.Ne6 Kb4 61.Nf4 Kb5 62.Ne6 Kb6 63.Nf4 Kb5 64.Nxh3 Kb4
65.Nf2 Ka3 66.Bf4 Kb4 67.Ne4 Kb5 68.Bc7 Kb4 69.Nd6 Kc3 70.Ke4 Kd2 71.Nb5 Ke2
72.Bb6 Kf1 73.Kf3 Ke1 74.Be3 Kd1 75.Kf2 Kc2 76.Ke2 Kb3 77.Kd3 Kb4 78.Nd6 Ka5
79.Kc4 Ka4 80.Bb6 Ka3 81.Bd8 Ka2 82.Ne4 Kb1 83.Kc3 Kc1 84.Nf2 Kb1 85.Nd3 Ka2
86.Be7 Ka1 87.Kc2 Ka2 88.Nc1+

[Event "13th Dubai open 2011"]
[Site "Dubai Chess club"]
[Date "2011.04.13"]
[Round "4"]
[Board "1"]
[White "Prathamesh, Sunil Mokal"]
[Black "Arellano, Robert"]
[Result "0-1"]
[WhiteElo "2405"]
[BlackElo "2060"]
[PlyCount "93"]
[EventDate "2011.04.10"]
[EventRounds "9"]
[EventCountry "UAE"]

1.e4 e5 2.Nf3 d6 3.d4 exd4 4.Nxd4 Nf6 5.Nc3 Be7 6.f3 Bd7 7.Bc4 Nc6 8.Nxc6 Bxc6
9.Be3 Nd7 10.O-O Bf6 11.Qd2 O-O 12.Rab1 Nb6 13.Bb3 a5 14.Bxb6 cxb6 15.Nd5 Bxd5
16.Bxd5 b5 17.Kh1 Qc7 18.c3 Qb6 19.a3 b4 20.Rfc1 Ra7 21.cxb4 axb4 22.axb4 g6
23.g3 Ra4 24.Rc4 Kg7 25.Kg2 h6 26.Rbc1 Qb5 27.b3 Ra3 28.Rc7 b6 29.Rb7 Ra1
30.Rxa1 Bxa1 31.Bc4 Qc6 32.Bd5 Qb5 33.Qf2 Qxb4 34.Rxb6 Qa3 35.Rb7 g5 36.Rd7 Qc5
37.Qd2 Bc3 38.Qe2 Be5 39.h4 Qc8 40.Rb7 Bf6 41.h5 Be5 42.b4 Qc1 43.b5 Bd4 44.Kh3
Qh1+ 45.Kg4 Be5 46.Qf2 Qc1 47.Kh3

[Event "13th Dubai open 2011"]
[Site "Dubai Chess club"]
[Date "2011.04.13"]
[Round "4"]
[Board "1"]
[White "Berg, Emanuel"]
[Black "Atabayev, Maksat"]
[Result "1-0"]
[WhiteElo "2612"]
[BlackElo "2355"]
[PlyCount "45"]
[EventDate "2011.04.10"]
[EventRounds "9"]
[EventCountry "UAE"]

1.e4 c5 2.Nf3 d6 3.d4 cxd4 4.Nxd4 Nf6 5.Nc3 a6 6.Bg5 e6 7.f4 h6 8.Bh4 Be7 9.Qf3
Nbd7 10.O-O-O Qc7 11.Be2 b5 12.Bxf6 Nxf6 13.e5 dxe5 14.Ndxb5 axb5 15.Bxb5+ Nd7
16.Rxd7 Bxd7 17.Qxa8+ Bd8 18.Rd1 Bxb5 19.Nxb5 Qa5 20.Qc6+ Ke7 21.fxe5 Bb6
22.Qd7+ Kf8 23.Qc8+

[Event "13th Dubai open 2011"]
[Site "Dubai Chess club"]
[Date "2011.04.13"]
[Round "4"]
[Board "1"]
[White "Harutjunyan, Gevorg"]
[Black "Alhuwar, Jasem"]
[Result "1/2-1/2"]
[WhiteElo "2468"]
[BlackElo "2334"]
[PlyCount "104"]
[EventDate "2011.04.10"]
[EventRounds "9"]
[EventCountry "UAE"]

1.Nf3 c5 2.g3 Nc6 3.Bg2 e5 4.d3 g6 5.c4 Bg7 6.Nc3 Nge7 7.O-O O-O 8.Ne1 d6 9.Nc2
Be6 10.Nd5 Qd7 11.Bg5 f6 12.Bd2 f5 13.e3 g5 14.f4 g4 15.Bc3 Rab8 16.a4 a5 17.d4
e4 18.Nxe7+ Nxe7 19.d5 Bf7 20.h3 Bh5 21.Kf2 gxh3 22.Qxh5 hxg2 23.Kxg2 Bxc3
24.bxc3 Kh8 25.Rh1 Ng8 26.Qg5 Rf7 27.Kf2 Rg7 28.Qh4 Rf8 29.Qh5 Rg4 30.Na3 Rf6
31.Nb5 Rh6 32.Qxh6 Nxh6 33.Rxh6 Rg6 34.Rh5 h6 35.Rah1 Kg7 36.R1h3 Qf7 37.R5h4
Qf6 38.Rh1 Kf8 39.Rb1 Qg7 40.Rh3 Rf6 41.Rh4 Ke8 42.Rg1 Rg6 43.Rh5 Rf6 44.Rh4 Kd7
45.Rb1 Kc8 46.Na7+ Kc7 47.Nb5+ Kc8 48.Rg1 Kb8 49.Rgh1 Rg6 50.R4h3 Rf6 51.Rh4 Rg6
52.R4h3 Rf6

[Event "13th Dubai open 2011"]
[Site "Dubai Chess club"]
[Date "2011.04.13"]
[Round "4"]
[Board "1"]
[White "Feldman, Vladimir"]
[Black "Guliev, Logman"]
[Result "1/2-1/2"]
[WhiteElo "2270"]
[BlackElo "2468"]
[PlyCount "96"]
[EventDate "2011.04.10"]
[EventRounds "9"]
[EventCountry "UAE"]

1.d4 Nf6 2.Nf3 e6 3.e3 b6 4.Bd3 Bb7 5.O-O c5 6.b3 Be7 7.Bb2 O-O 8.c4 d6 9.Nc3
cxd4 10.exd4 Nbd7 11.Qe2 Re8 12.a4 Nf8 13.Rfd1 Ng6 14.Bc1 Qc7 15.Bd2 a6 16.Rdc1
Bf8 17.Ng5 Rad8 18.Qe3 d5 19.Ne2 e5 20.cxd5 Qd7 21.Bxg6 hxg6 22.Qh3 Qxh3 23.Nxh3
Bxd5 24.dxe5 Rxe5 25.Be3 Bxb3 26.Bxb6 Rde8 27.Nd4 Bd5 28.Nf4 Bb7 29.Nd3 Rd5
30.Nf4 Rd7 31.a5 Re4 32.Nfe2 Nd5 33.f3 Re5 34.Ba7 Ba8 35.Bc5 Ne7 36.Rab1 Bb7
37.Kf2 Nf5 38.Nb3 Bd5 39.Bxf8 Bxb3 40.Bb4 Ba4 41.Rc8+ Kh7 42.Bc3 Rb5 43.Rxb5
Bxb5 44.Ng3 Nd6 45.Rc5 Nb7 46.Rc8 Nd6 47.Rc5 Nb7 48.Rc8 Nd6

[Event "13th Dubai open 2011"]
[Site "Dubai Chess club"]
[Date "2011.04.13"]
[Round "4"]
[Board "1"]
[White "Satyaragyan, Swayangsu"]
[Black "Grabinsky, Vladimir"]
[Result "1/2-1/2"]
[WhiteElo "2459"]
[BlackElo "2303"]
[PlyCount "64"]
[EventDate "2011.04.10"]
[EventRounds "9"]
[EventCountry "UAE"]

1.e4 e5 2.Nf3 Nc6 3.Bc4 Nf6 4.d3 Be7 5.Bb3 O-O 6.c3 d5 7.Qe2 dxe4 8.dxe4 b6
9.O-O Bb7 10.Rd1 Qc8 11.Bg5 Nd7 12.Nbd2 h6 13.Bh4 Bxh4 14.Nxh4 Ne7 15.Qh5 Qe8
16.Nc4 Bxe4 17.Nxe5 Nxe5 18.Qxe5 Nf5 19.Ng6 Qxe5 20.Nxe5 Nd6 21.f3 Bb7 22.Rd4 g5
23.Rad1 Kg7 24.Nc4 Nxc4 25.Bxc4 Bc6 26.b4 a6 27.Kf2 Rfe8 28.h4 Re5 29.hxg5 hxg5
30.Bd3 a5 31.Rd2 axb4 32.cxb4 Bd5

[Event "13th Dubai open 2011"]
[Site "Dubai Chess club"]
[Date "2011.04.13"]
[Round "4"]
[Board "1"]
[White "Gutov, Andrey"]
[Black "Mirzoeva, Elmira"]
[Result "1-0"]
[WhiteElo "2445"]
[BlackElo "2272"]
[PlyCount "69"]
[EventDate "2011.04.10"]
[EventRounds "9"]
[EventCountry "UAE"]

1.e4 c6 2.d4 d5 3.exd5 cxd5 4.Bd3 Nc6 5.c3 Qc7 6.Ne2 Bg4 7.f3 Bh5 8.Nf4 Nf6
9.Nxh5 Nxh5 10.O-O e6 11.f4 g6 12.g3 Bd6 13.Nd2 O-O 14.Nf3 f5 15.Qe2 Rae8 16.b3
Nf6 17.c4 b6 18.Bb2 Ne4 19.Rac1 Rc8 20.cxd5 exd5 21.Ba6 Qd7 22.Bxc8 Rxc8 23.Qb5
Nf6 24.Ne5 Nxe5 25.Qxd7 Nexd7 26.Rxc8+ Kf7 27.Rfc1 h6 28.R1c6 Be7 29.Ra8 a5
30.Ra7 g5 31.fxg5 hxg5 32.Rb7 f4 33.gxf4 gxf4 34.Bc1 f3 35.Bg5

[Event "13th Dubai open 2011"]
[Site "Dubai Chess club"]
[Date "2011.04.13"]
[Round "4"]
[Board "1"]
[White "Fenil, Shah"]
[Black "Ramnath, Bhuvanesh"]
[Result "0-1"]
[WhiteElo "2282"]
[BlackElo "2425"]
[PlyCount "114"]
[EventDate "2011.04.10"]
[EventRounds "9"]
[EventCountry "UAE"]

1.e4 c5 2.Nf3 Nc6 3.d4 cxd4 4.Nxd4 Nf6 5.Nc3 e5 6.Ndb5 d6 7.Bg5 a6 8.Na3 b5
9.Nd5 Be7 10.Bxf6 Bxf6 11.c4 b4 12.Nc2 a5 13.Be2 O-O 14.O-O Bg5 15.Qd3 Be6
16.Rad1 Bxd5 17.exd5 Nb8 18.c5 Na6 19.cxd6 Nc5 20.Qh3 Qxd6 21.Ne3 Bxe3 22.fxe3
g6 23.g4 f6 24.Qg2 e4 25.Qg3 Rad8 26.Rd2 Kg7 27.Rfd1 Rf7 28.Qxd6 Rxd6 29.Rc2 Nd7
30.Rd4 f5 31.gxf5 gxf5 32.Rc6 Rff6 33.Bb5 Ne5 34.Rc7+ Kh6 35.Kf2 Ng4+ 36.Ke2
Nxh2 37.Rd1 Rg6 38.Kf2 Ng4+ 39.Ke2 Rg7 40.Rh1+ Kg6 41.Rc5 Kg5 42.Be8 Re7 43.Rh5+
Kf6 44.Bc6 Kg6 45.Rh3 Ne5 46.Ba4 f4 47.Bc2 f3+ 48.Kf1 Ng4 49.Rg3 Kh5 50.Rh3+ Kg5
51.Bb1 Nxe3+ 52.Kf2 Rxd5 53.Rc8 Ng4+ 54.Kg3 Nf6 55.Rc1 Rd2 56.Rg1 f2 57.Rf1 Nh5+

[Event "13th Dubai open 2011"]
[Site "Dubai Chess club"]
[Date "2011.04.13"]
[Round "4"]
[Board "1"]
[White "Saleh, Najeeb"]
[Black "Khukhashvili, Sopiko"]
[Result "0-1"]
[WhiteElo "2194"]
[BlackElo "2421"]
[PlyCount "132"]
[EventDate "2011.04.10"]
[EventRounds "9"]
[EventCountry "UAE"]

1.Nf3 Nf6 2.c4 e6 3.Nc3 Bb4 4.Qc2 c5 5.g3 O-O 6.Bg2 d5 7.O-O Nc6 8.d3 h6 9.cxd5
exd5 10.Na4 Nd4 11.Nxd4 cxd4 12.Bd2 Bd6 13.Nc5 Re8 14.Rfe1 Qc7 15.Rac1 Bg4
16.Nb3 Qxc2 17.Rxc2 Bxe2 18.Bf1 Bg4 19.Nxd4 Bd7 20.Rxe8+ Rxe8 21.h3 Be5 22.Nf3
Bb8 23.Bc3 Nh7 24.Bd4 Nf8 25.Kg2 f6 26.Be3 Ng6 27.Nd4 Ne7 28.Be2 f5 29.Bf4 Bxf4
30.gxf4 Nc6 31.Nxc6 bxc6 32.Bh5 Rb8 33.d4 Kf8 34.Be2 Ke7 35.Kf3 Kd6 36.Ke3 g5
37.b3 g4 38.Kd2 Re8 39.hxg4 fxg4 40.Bd3 Rf8 41.Ke3 h5 42.Rc1 h4 43.Rg1 Re8+
44.Kd2 h3 45.f5 Rh8 46.Ke3 h2 47.Rh1 Rh3+ 48.Kd2 Ke7 49.Bf1 Rh4 50.Ke3 Bxf5
51.Bg2 Bd7 52.Kf4 g3+ 53.Kxg3 Rxd4 54.Rxh2 a5 55.f4 Rd3+ 56.Bf3 Bf5 57.Kf2 Rc3
58.Rh5 Bb1 59.Re5+ Kd6 60.Re2 Bd3 61.Rd2 Kc5 62.Be2 Bf5 63.Bd1 Rc1 64.Be2 Kb4
65.Bd3 Kc3 66.Ke2 Bg4+

[Event "13th Dubai open 2011"]
[Site "Dubai Chess club"]
[Date "2011.04.13"]
[Round "4"]
[Board "1"]
[White "Ramalingam, Karthik"]
[Black "Hayrapetian, Ovik"]
[Result "0-1"]
[WhiteElo "2063"]
[BlackElo "2390"]
[PlyCount "60"]
[EventDate "2011.04.10"]
[EventRounds "9"]
[EventCountry "UAE"]

1.d4 Nf6 2.Nc3 e6 3.e4 Bb4 4.e5 Nd5 5.Bd2 d6 6.Qg4 Kf8 7.a3 h5 8.Qg3 Nxc3 9.bxc3
Ba5 10.Bd3 dxe5 11.dxe5 Nd7 12.Nf3 Nc5 13.Ng5 Nxd3+ 14.cxd3 Bd7 15.Qf3 Qe8 16.h4
Bc6 17.Qf4 Rd8 18.d4 Bxg2 19.Rg1 Bd5 20.Nh3 Rg8 21.Qg5 c5 22.dxc5 Bf3 23.Qe3 Qc6
24.Ng5 Bg4 25.Ne4 Rd5 26.f4 Qa6 27.c4 Qxc4 28.Bxa5 Rd3 29.Qxd3 Qxd3 30.Ng3 Qe3+

[Event "13th Dubai open 2011"]
[Site "Dubai Chess club"]
[Date "2011.04.13"]
[Round "4"]
[Board "1"]
[White "Carlstedt, Jonathan"]
[Black "Khademalsharieh, Sarasadat"]
[Result "1/2-1/2"]
[WhiteElo "2386"]
[BlackElo "2137"]
[PlyCount "97"]
[EventDate "2011.04.10"]
[EventRounds "9"]
[EventCountry "UAE"]

1.c4 e5 2.g3 Nc6 3.Bg2 g6 4.Nc3 Bg7 5.d3 d6 6.e4 Be6 7.Nge2 Qd7 8.Nd5 Nce7 9.d4
c6 10.h3 f5 11.Ne3 Nf6 12.exf5 gxf5 13.b3 O-O 14.dxe5 dxe5 15.Qxd7 Nxd7 16.Ba3
Rf7 17.Rd1 Ng6 18.Nd5 Nb6 19.Ndc3 a5 20.Bb2 Nd7 21.h4 Nc5 22.h5 Nf8 23.Ba3 Nfd7
24.Nd5 Rc8 25.Nb6 Nxb6 26.Bxc5 Nd7 27.Bd6 Bf8 28.f4 e4 29.Bxf8 Kxf8 30.Kf2 Nc5
31.Ke3 Rg7 32.Rh4 Ke7 33.g4 fxg4 34.Ng3 Rf8 35.Bxe4 Nxe4 36.Kxe4 Rgf7 37.Rf1 Kf6
38.Kd4 Bf5 39.h6 b6 40.Nxf5 Kxf5 41.Rh5+ Kf6 42.Ke4 Re7+ 43.Re5 Rd8 44.Rxe7 Kxe7
45.Rg1 Rg8 46.Kf5 g3 47.Rg2 Kf7 48.Ke4 Kf6 49.Kf3

[Event "13th Dubai open 2011"]
[Site "Dubai Chess club"]
[Date "2011.04.13"]
[Round "4"]
[Board "1"]
[White "Udeshi, Aditya"]
[Black "Marcos Marvin, "]
[Result "1-0"]
[WhiteElo "2362"]
[BlackElo "2134"]
[PlyCount "77"]
[EventDate "2011.04.10"]
[EventRounds "9"]
[EventCountry "UAE"]

1.e4 e6 2.d4 d5 3.Nc3 Nf6 4.Bg5 Be7 5.e5 Nfd7 6.h4 a6 7.Qg4 Bxg5 8.hxg5 c5
9.dxc5 Nc6 10.O-O-O Ndxe5 11.Qg3 f5 12.f4 Ng6 13.Be2 Qc7 14.Bh5 Nce7 15.Qe3 O-O
16.Nge2 Bd7 17.Bxg6 Nxg6 18.Qh3 Kf7 19.Kb1 b6 20.cxb6 Qxb6 21.g4 Rfb8 22.b3 fxg4
23.Qxg4 Nf8 24.Rxh7 Kg8 25.Rh2 a5 26.Rdh1 Kf7 27.g6+ Ke8 28.Rh8 Qc5 29.Rg8 Kd8
30.Qg5+ Kc8 31.Rhh8 Kb7 32.Rxg7 Kc6 33.Qf6 a4 34.Qd4 Qd6 35.Nxa4 Rb4 36.Qc3+ Kb5
37.Nd4+ Ka6 38.Nc5+ Ka5 39.Nb7+

[Event "13th Dubai open 2011"]
[Site "Dubai Chess club"]
[Date "2011.04.13"]
[Round "4"]
[Board "1"]
[White "Malakhatko, Vadim"]
[Black "Mona, Khaled"]
[Result "1-0"]
[WhiteElo "2546"]
[BlackElo "2076"]
[PlyCount "97"]
[EventDate "2011.04.10"]
[EventRounds "9"]
[EventCountry "UAE"]

1.d4 Nf6 2.c4 g6 3.Nc3 Bg7 4.e4 d6 5.Bd3 e5 6.d5 a5 7.Nge2 Nbd7 8.O-O Nc5 9.Bc2
O-O 10.Ng3 b6 11.Rb1 Bd7 12.b3 Ne8 13.a3 f5 14.exf5 gxf5 15.b4 axb4 16.axb4 Nb7
17.f4 e4 18.Nge2 Nf6 19.Nd4 Qe8 20.Rb3 Ra1 21.Bb1 Ng4 22.Ncb5 Bxb5 23.Nxb5 Qd7
24.h3 Nh6 25.Qc2 Ra4 26.Bd2 Nd8 27.Rg3 Ra8 28.Bc3 Rf7 29.Qb2 Rc8 30.Bc2 Kf8
31.Bxg7+ Rxg7 32.Rxg7 Qxg7 33.Qxg7+ Kxg7 34.Ra1 Kf6 35.Ra7 Ndf7 36.Rxc7 Ra8
37.Ra7 Rc8 38.Bb3 Rg8 39.Kf2 e3+ 40.Kf3 e2 41.Ra1 Ne5+ 42.fxe5+ dxe5 43.Kf2 f4
44.Bc2 Rg3 45.c5 bxc5 46.bxc5 Nf7 47.c6 Ke7 48.c7 Rg8 49.Bf5